[Event "Barcelona Sant Marti op 05th"]
[Site "Barcelona"]
[Date "2003.06.14"]
[Round "8.43"]
[White "Guixe, Xavier"]
[Black "Eleno, Oscar"]
[Result "1-0"]
[WhiteElo "1760"]
[BlackElo "1700"]
[PlyCount "129"]
[EventDate "2003.04.26"]
[EventType "swiss"]
[EventRounds "9"]
[EventCountry "ESP"]
[SourceTitle "EXT 2004"]
[Source "ChessBase"]
[SourceDate "2003.11.25"]
[SourceVersion "1"]
[SourceVersionDate "2003.11.25"]
[SourceQuality "1"]

1. e4 e5 2. Nf3 Nc6 3. Bc4 Nf6 4. Ng5 Qe7 5. Nxf7 Rg8 6. Nxe5 Qxe5 7. Bxg8 Qxe4+ 8. Kf1 Nxg8 9. Qh5+ Qg6 10. Qxg6+ hxg6 11. Nc3 Nf6 12. d3 Nd4 13. Bf4 d6 14. Re1+ Be7 15. Rc1 Be6 16. Be3 c5 17. Bxd4 cxd4 18. Nb5 0-0-0 19. Nxa7+ Kb8 20. Nb5 Nd5 21. Re1 Bd7 22. Nxd4 Nb4 23. Rxe7 Be8 24. Ne6 Rc8 25. Nxg7 Bb5 26. Ke2 Rxc2+ 27. Kf3 Bc6+ 28. Kg3 Rxb2 29. Ne8 Rxa2 30. Nxd6 Nxd3 31. f3 Rb2 32. Re3 Rd2 33. Ne4 Bxe4 34. fxe4 Ne5 35. h4 Kc7 36. h5 gxh5 37. Rxh5 Kd6 38. Kf4 Nc4 39. Rc3 Rd4 40. Kf5 b5 41. g4 b4 42. Rb3 Nd2 43. e5+ Ke7 44. Rh7+ Ke8 45. Ke6 Rf4 46. Rh8+ Rf8 47. Rxf8+ Kxf8 48. Rxb4 Nf3 49. Rb7 Ng5+ 50. Kf6 Ne4+ 51. Kf5 Nc5 52. Rc7 Na6 53. Rc8+ Ke7 54. g5 Kd7 55. g6 Kxc8 56. g7 Nc7 57. g8Q+ Kb7 58. Qh7 Kc6 59. e6 Nxe6 60. Kxe6 Kb5 61. Qc2 Kb4 62. Kd5 Ka3 63. Qb1 Ka4 64. Kc4 Ka5 65. Qb5# 1-0

[Event "Barcelona Sant Marti op 05th"]
[Site "Barcelona"]
[Date "2003.04.26"]
[Round "1.35"]
[White "Vilches, Antonio"]
[Black "Eleno, Oscar"]
[Result "1-0"]
[WhiteElo "1955"]
[BlackElo "1700"]
[PlyCount "107"]
[EventDate "2003.04.26"]
[EventType "swiss"]
[EventRounds "9"]
[EventCountry "ESP"]
[SourceTitle "EXT 2004"]
[Source "ChessBase"]
[SourceDate "2003.11.25"]
[SourceVersion "1"]
[SourceVersionDate "2003.11.25"]
[SourceQuality "1"]

1. e4 e5 2. Nf3 Nc6 3. d4 Bd6 4. Bb5 a6 5. Bxc6 dxc6 6. dxe5 Bg4 7. exd6 Qxd6 8. Qxd6 cxd6 9. Bf4 0-0-0 10. Ng5 Be6 11. Nc3 h6 12. Nxe6 fxe6 13. 0-0-0 e5 14. Be3 Nf6 15. Rd2 g5 16. Rhd1 Ne8 17. Bb6 Rd7 18. Ne2 Rf8 19. Ng3 Rf6 20. Nf5 h5 21. f3 Re6 22. c4 c5 23. Bxc5 Kc7 24. Be3 Rd8 25. Bxg5 Rd7 26. c5 a5 27. cxd6+ Nxd6 28. Rc2+ Kb6 29. Be3+ Ka6 30. Bc5 b6 31. Bxd6 b5 32. Rd5 b4 33. Bxe5 Rxd5 34. exd5 Rxe5 35. d6 Rd5 36. g4 hxg4 37. fxg4 a4 38. h4 b3 39. axb3 axb3 40. Rc3 Kb5 41. Rxb3+ Kc4 42. Rc3+ Kb4 43. h5 Kb5 44. h6 Rc5 45. Rxc5+ Kxc5 46. d7 Kb5 47. h7 Ka4 48. g5 Kb3 49. g6 Ka2 50. g7 Kb3 51. g8Q+ Kb4 52. Qc8 Kb3 53. Qc3+ Ka2 54. Qa3# 1-0